[Event "AUTO-OPEN-1158"]
[Site "http://www.queenalice.com/game.php?id=454211"]
[Date "2008.8.27"]
[Round "2"]
[White "lucasboth"]
[Black "dante72"]
[Result "1-0"]
[WhiteElo "2164"]
[BlackElo "1787"]

1. e4 e5 2. Nf3 d6 3. d4 f6 4. Be3 Bg4 5. h3 Bh5 6. Be2 Ne7 7. O-O Ng6 8. g4
Bxg4 9. hxg4 h5 10. gxh5 Nf4 11. Bxf4 exf4 12. Nc3 Rxh5 13. Nd5 Rh6 14. Nxf4 Qd7
15. Nd2 g5 16. Bh5+ Kd8 17. Bg4 Qh7 18. Ne6+ Ke7 19. Qf3 Nd7 20. Bf5 Qh8 21.
Nxc7 Rc8 22. Nd5+ Kf7 23. e5 Rxc2 24. e6+ Ke8 25. exd7+ Kd8 26. Bxc2 g4 27. Qe4
Kxd7 28. Ba4+ Kd8 29. Qe8# 1-0

[Event "AUTO-OPEN-1158"]
[Site "http://www.queenalice.com/game.php?id=454212"]
[Date "2008.8.27"]
[Round "2"]
[White "dante72"]
[Black "lucasboth"]
[Result "0-1"]
[WhiteElo "1753"]
[BlackElo "2147"]

1. d4 d5 2. e3 Nf6 3. Nc3 Bf5 4. Nf3 e6 5. Bd2 Nc6 6. Bb5 Bd6 7. Bxc6+ bxc6 8.
O-O Rb8 9. b3 O-O 10. Nh4 Ng4 11. g3 Nxh2 12. Nxf5 Nxf1 13. Nxd6 Nxd2 14. Nxf7
Rxf7 15. Qxd2 Qf6 16. Rf1 Rbf8 17. e4 Qf3 18. e5 Qg4 19. Qe3 Rf3 20. Qd2 Qf5 21.
Nd1 Rxg3+ 22. fxg3 Qxf1+ 23. Kh2 Rf5 24. g4 Rf3 25. Ne3 Rh3# 0-1

[Event "AUTO-OPEN-1158"]
[Site "http://www.queenalice.com/game.php?id=454213"]
[Date "2008.8.27"]
[Round "2"]
[White "lucasboth"]
[Black "jhetro"]
[Result "1-0"]
[WhiteElo "2141"]
[BlackElo "1957"]

1. e4 c5 2. Nf3 d6 3. d4 cxd4 4. Nxd4 Nf6 5. Nc3 Nc6 6. Bg5 e5 7. Ndb5 a6 8. Na3
Be7 9. Be2 O-O 10. Qd3 Nb4 11. Qg3 Nh5 12. Bxe7 Nxg3 13. Bxd8 Nxh1 14. Be7 Re8
15. Bxd6 Nc6 16. Nd5 Rd8 17. Bc5 f5 18. Nb6 1-0

[Event "AUTO-OPEN-1158"]
[Site "http://www.queenalice.com/game.php?id=454214"]
[Date "2008.8.27"]
[Round "2"]
[White "jhetro"]
[Black "lucasboth"]
[Result "0-1"]
[WhiteElo "1863"]
[BlackElo "2148"]

1. e3 e5 2. Nc3 Nf6 3. Bb5 c6 4. Be2 d5 5. Nf3 e4 6. Nd4 c5 7. Bb5+ Ke7 8. Nb3
c4 9. Nd4 a6 10. Ba4 b5 11. Ncxb5 axb5 12. Bxb5 Bg4 13. f3 exf3 14. gxf3 Bd7 15.
b4 Bxb5 16. Nxb5 Nc6 17. c3 Ne5 18. d4 Nd3+ 19. Ke2 Ke8 0-1

[Event "AUTO-OPEN-771"]
[Site "http://www.queenalice.com/game.php?id=459141"]
[Date "2008.9.6"]
[Round "3"]
[White "lucasboth"]
[Black "Macuei"]
[Result "0-1"]
[WhiteElo "2163"]
[BlackElo "2432"]

1. e4 e5 2. Nf3 Nc6 3. Bb5 a6 4. Ba4 Nf6 5. O-O Be7 6. Re1 b5 7. Bb3 O-O 8. c3
d5 9. exd5 Nxd5 10. Nxe5 Nxe5 11. Rxe5 c6 12. Bxd5 cxd5 13. d4 Bd6 14. Re3 Qh4
15. h3 g5 16. Qf3 Be6 0-1

[Event "AUTO-OPEN-771"]
[Site "http://www.queenalice.com/game.php?id=459142"]
[Date "2008.9.6"]
[Round "3"]
[White "Macuei"]
[Black "lucasboth"]
[Result "1-0"]
[WhiteElo "2429"]
[BlackElo "2167"]

1. e4 d5 2. exd5 Qxd5 3. Nc3 Qa5 4. d4 Nf6 5. Nf3 c6 6. Bc4 Bf5 7. Ne5 e6 8. g4
Bg6 9. h4 Bb4 10. Bd2 Qd8 11. Qe2 Bxc2 12. Nxf7 Bd3 13. Qxe6+ Qe7 14. Nb5 O-O
15. Ne5+ Kh8 16. Qxe7 Bxe7 17. Nc7 1-0

[Event "Challenge"]
[Site "http://www.queenalice.com/game.php?id=508567"]
[Date "2008.12.16"]
[Round "-"]
[White "lucasboth"]
[Black "ingridcardoso"]
[Result "1-0"]
[WhiteElo "2177"]
[BlackElo "1488"]

1. e4 e5 2. Nf3 Nc6 3. Bb5 Nf6 4. O-O Bc5 5. Nxe5 O-O 6. Nd3 Nxe4 7. Nxc5 Nxc5
8. d4 Ne4 9. d5 Na5 10. Nd2 Nf6 11. b4 c6 12. Bd3 cxd5 13. bxa5 Qxa5 14. Bb2 d4
15. Bxd4 Qb6 16. Bxb6 1-0

[Event "Challenge"]
[Site "http://www.queenalice.com/game.php?id=550776"]
[Date "2009.3.5"]
[Round "-"]
[White "lucasboth"]
[Black "Meirebel"]
[Result "1-0"]
[WhiteElo "2180"]
[BlackElo "2078"]

1. e4 c5 2. Nf3 Nc6 3. Bb5 e6 4. Bxc6 bxc6 5. d3 Ne7 6. Qe2 f6 7. O-O Ng6 8. Nc3
d5 9. exd5 cxd5 10. Bd2 Rb8 11. a4 a6 12. b3 Be7 13. h4 h5 14. d4 cxd4 15. Nxd4
Qb6 16. Be3 Qc5 17. Qd3 Ne5 18. Qd2 Qc7 19. Bf4 1-0

[Event "Challenge"]
[Site "http://www.queenalice.com/game.php?id=620985"]
[Date "2009.7.18"]
[Round "-"]
[White "lucasboth"]
[Black "vanderleiboth"]
[Result "1/2-1/2"]
[WhiteElo "2155"]
[BlackElo "2172"]

1. e4 e5 2. Nc3 Bb4 3. Nd5 Nc6 4. Nf3 a6 5. Nxb4 Nxb4 6. c3 Nc6 7. d4 exd4 8.
Nxd4 Ne5 9. Be2 d6 10. f4 Ng6 11. O-O Nf6 12. f5 Ne5 13. Bg5 h6 14. Bh4 b6 15.
Nf3 Bb7 16. Qa4+ Bc6 17. Qa3 Bxe4 18. Nd2 Bd3 19. Bxf6 gxf6 20. Bxd3 Nxd3 21.
Qa4+ Kf8 22. Rf3 Ne5 23. Re3 d5 24. Qh4 h5 25. Rd1 Qe7 26. Kh1 c5 27. Rde1 Qd6
28. Rh3 Re8 29. Rhe3 b5 30. Nf3 a5 31. Qf4 b4 32. Nxe5 Rxe5 33. Rxe5 fxe5 34.
Rxe5 Qh6 35. Qxh6+ Rxh6 36. Rxd5 bxc3 37. bxc3 Rb6 38. h4 Rb2 39. Rxc5 Rxa2 40.
f6 Ke8 41. Rxh5 Kd7 1/2-1/2

[Event "Challenge"]
[Site "http://www.queenalice.com/game.php?id=776846"]
[Date "2010.5.17"]
[Round "-"]
[White "vanderleiboth"]
[Black "lucasboth"]
[Result "1-0"]
[WhiteElo "2283"]
[BlackElo "2106"]

1. e4 e5 2. Nf3 Nc6 3. Nc3 Nf6 4. d4 exd4 5. Nxd4 Bb4 6. Nxc6 bxc6 7. Bg5 h6 8.
Be3 O-O 9. Qd3 Bxc3+ 10. Qxc3 Nxe4 11. Qa3 d5 12. O-O-O Qd6 13. Qxd6 Nxd6 14.
Bc5 Re8 15. Bd3 a5 16. Rhe1 Be6 17. f3 Rab8 18. Kb1 Nf5 19. Rd2 Bd7 20. Rde2 Nd6
21. Rxe8+ Nxe8 22. Re7 Nf6 23. a4 Bc8 24. Rxc7 Ra8 25. Rxc6 Bd7 26. Ra6 Rxa6 27.
Bxa6 Bxa4 28. Bb6 Kf8 29. Bxa5 Ke7 30. Bb4+ 1-0

[Event "Challenge"]
[Site "http://www.queenalice.com/game.php?id=776849"]
[Date "2010.5.17"]
[Round "-"]
[White "lucasboth"]
[Black "vanderleiboth"]
[Result "0-1"]
[WhiteElo "2113"]
[BlackElo "2276"]

1. e4 e5 2. Nf3 Nf6 3. Bc4 Nxe4 4. Nc3 Nd6 5. Bb3 e4 6. Qe2 Qe7 7. Nd5 exf3 8.
Qxe7+ Bxe7 9. Nxc7+ Kd8 10. Nxa8 fxg2 11. Rg1 b6 12. Bd5 Nc6 13. f3 Nb4 14. Rxg2
Nxc2+ 15. Kd1 Nxa1 16. Rxg7 Ne8 17. Rxf7 Nf6 18. Bc4 Bb7 19. Nc7 Rg8 20. Ke1
Rg1+ 21. Bf1 Nc2+ 22. Kd1 Nd4 23. Ke1 Nxf3+ 24. Ke2 Nxh2 25. b3 Bf3+ 26. Kd3
Be4+ 27. Ke2 Nxf1 28. Na6 Ng3+ 29. Ke3 Re1+ 0-1